| 000 | 01061nam a2200325 i 4500 | ||
|---|---|---|---|
| 003 | EG-GICUC | ||
| 005 | 20260203092556.0 | ||
| 008 | 260203s1950 us ||||fr|||| 001 0 eng d | ||
| 040 |
_aEG-GiCUC _beng _cEG-GiCUC _dEG-GiCUC _erda |
||
| 041 | _aeng | ||
| 082 | 0 | 4 |
_221 _a341.33 _bLA . A |
| 092 | 0 | 4 | _221 |
| 099 | _aLaw1 11 341.33 LA . A 1950 | ||
| 100 | 1 | _aMax M. Laserson | |
| 245 | 1 | 4 |
_aThe American Impact On Russia : _b Diplomatic And Ideological-1784-1917 / _cMax M. Laserson. |
| 264 | 1 |
_aNew York : _bThe Macmillan Company, _c1950. |
|
| 300 |
_a441 pages, _c24 cm _billustrations, |
||
| 336 |
_2rda content _atext |
||
| 337 |
_2rda media _aComputer |
||
| 338 |
_2rda carrier _aOnline Resource |
||
| 500 | _aIncludes index. | ||
| 504 | _aBibliography: pages 236-262. | ||
| 546 | _aText in English | ||
| 650 | 1 | 4 |
_aDiplomacy _2qrmak _xPublic international law |
| 650 | 1 | 4 |
_aDiplomatic Corps _xPublic international law |
| 651 | 1 | _2qrmak | |
| 856 | 4 | 0 | _uhttps://fll.law.cu.edu.eg/fulltext/bks/B11-06851.pdf |
| 905 | _a79 | ||
| 942 |
_2ddc _cBK _e21 _n0 |
||
| 999 |
_c60428 _d60428 |
||